000 00804nam a2200253 a 4500
999 _c351
_d351
001 351
003 BD-JhCC
005 20191019095840.0
008 171004s2009 bg ||||| |||| 00| 0 ben d
020 _a9847013800316
035 _a(BD-JhCC)351
040 _aBD-JhCC
_dBD-JhCC
041 _aben
082 _222
_a370
_bSHA 2009
100 _aশরীফ ,আহমদ
245 _aশিক্ষা সংস্কৃতি প্রগতি /
_cআহমদ শরীফ : ড. নেহাল করিম ,
260 _aঢাকা ,
_bবিদ্যাপ্রকাশ ,
_c২০০৯
300 _a384p. ;
_c22cm.
650 _xEducation
_zBangladesh
700 _aশরীফ ,আহমদ
700 _aকরিম ,ড. নেহাল
942 _2ddc
_cBK